Normal view MARC view
  • Domínguez Domínguez, Jorge

Entry Nombre Personal

Number of records used in: 1

001 - NUMERO DE CONTROL

  • campo de control: 42489

003 - IDENTIFICADOR DE NUMERO DE CONTROL

  • campo de control: UPN

005 - FECHA Y HORA DE LA ÜLTIMA TRANSACCIÓN

  • campo de control: 20210219194620.0

008 - DATOS DE LONGITUD FIJA

  • campo de control de longitud fija: nabaccnnaabn|||||||||| b |nc|||||d

035 ## - NUMERO DE CONTROL

  • Número de control: UPN11000014596

040 ## - FUENTE DE CATALOGACIÓN

  • Lenguaje de catalogación: SPA
  • Agencia de transcripción: UPN

100 1# - ENCABEZAMIENTO - NOMBRE PERSONAL

  • Nombre personal: Domínguez Domínguez, Jorge

670 ## - FUENTE EN LA QUE SE LOCALIZARON DATOS

  • Cita de la fuente: T
  • Uniform Resource Identifier: https://www.cimat.mx/es/Jorge_Dominguez_Dominguez

680 ## - NOTA PUBLICA DE ACCESO PÚBLICO

  • Frase explicativa de la referencia: México. Lic. en Física y Matemáticas (IPN). Mtría. en Estadística e Investigación de Operaciones (UNAM). Doc. en Estadística en la Universidad Politécnica de Valencia en el 2003. Es investigador del CIMAT desde 1986 y miembro del Sistema Nacional de Investigadores en el Nivel I dentro del Area de Física, Matemáticas y Ciencias de la Tierra.

902 ## - CATALOGADOR

  • Catalogador: EMR/010419